| 000 | 00466nam a22001337a 4500 | ||
|---|---|---|---|
| 999 |
_c130135 _d130135 |
||
| 008 | 200121b ||||| |||| 00| 0 eng d | ||
| 050 | _aPR2205.S157 | ||
| 245 |
_aShorter novels _bElizabethan _cEdited by George Saintsbury and notes on the authors by Philip Henderson |
||
| 260 |
_aDent, London _bEveryman's Library _c1929 |
||
| 300 |
_axvii, 356p. ; _c19cm. |
||
| 700 |
_aSaintsbury, George ed. _948923 |
||
| 700 |
_aHenderson, Philip _948924 |
||
| 942 |
_2lcc _cMONOGRAPH |
||